| 000 | 00622nam a2200229 a 4500 | ||
|---|---|---|---|
| 999 |
_c5842 _d5842 |
||
| 001 | 5842 | ||
| 003 | BD-JhCC | ||
| 005 | 20171231114237.0 | ||
| 008 | 171228s20032007i |||| || | 000 0 eng d | ||
| 020 | _a8122300251 | ||
| 035 | _a(BD-JhCC)5842 | ||
| 040 |
_aBD-JhCC _dBD-JhCC |
||
| 041 | _aeng | ||
| 082 |
_a428 _bGUP 2007 |
||
| 100 | _aGupta, R. K. | ||
| 245 |
_aর্যাপিডেকস ইংলিশ স্পিকিং কোর্স / _c R. K. Gupta, |
||
| 260 |
_aNew Delhi _bPustak Mahal, _c2007. |
||
| 300 |
_a440 p. : _c24 cm. |
||
| 650 | _aEnglish Languge | ||
| 942 |
_2ddc _cBK |
||